Developments in fire detection and fire alarm systems (Record no. 109815)
[ view plain ]
| 000 -LEADER | |
|---|---|
| fixed length control field | 01161cam a22002415a 4500 |
| 001 - CONTROL NUMBER | |
| control field | E147958 |
| 008 - FIXED-LENGTH DATA ELEMENTS--GENERAL INFORMATION | |
| fixed length control field | 090706s2009 xxkao f 000 0 eng d |
| 035 ## - SYSTEM CONTROL NUMBER | |
| System control number | (Sirsi) u147958 |
| 041 0# - LANGUAGE CODE | |
| Language code of text/sound track or separate title | eng |
| 050 04 - LIBRARY OF CONGRESS CALL NUMBER | |
| Classification number | 693.82 $2 18 |
| 100 1# - MAIN ENTRY--PERSONAL NAME | |
| Personal name | Chagger, Raman |
| 245 00 - TITLE STATEMENT | |
| Title | Developments in fire detection and fire alarm systems |
| 260 ## - PUBLICATION, DISTRIBUTION, ETC. | |
| Place of publication, distribution, etc. | Garston |
| Name of publisher, distributor, etc. | BRE |
| Date of publication, distribution, etc. | 2009 |
| 300 ## - PHYSICAL DESCRIPTION | |
| Extent | 8p. |
| Other physical details | col. ill. |
| Dimensions | 30cm. |
| 490 #0 - SERIES STATEMENT | |
| Series statement | BRE Digest |
| Volume/sequential designation | DG 512 |
| 505 2# - FORMATTED CONTENTS NOTE | |
| Formatted contents note | The history of fire detection -- Developments in electronic technology -- Developments in fire detection -- Communicating a fire situation -- Video fire detection systems -- Directional sounders and visual devices -- Alarm transmission systems -- Maximising use of technology and available information -- Approved products and systems -- False alarms -- Firegrid -- Summary -- References |
| 520 ## - SUMMARY, ETC. | |
| Summary, etc. | Examines recent developments in the technologies used in fire detection and fire alarm systems, and discusses prospects for future developments. |
| 521 ## - TARGET AUDIENCE NOTE | |
| Target audience note | Advanced |
| 590 ## - LOCAL NOTE (RLIN) | |
| Local note | KA |
| 651 #4 - SUBJECT ADDED ENTRY--GEOGRAPHIC NAME | |
| Geographic name | United Kingdom |
| Chronological subdivision | |
| 690 ## - LOCAL SUBJECT ADDED ENTRY--TOPICAL TERM (OCLC, RLIN) | |
| Topical term or geographic name as entry element | MANAGEMENT-HEALTH AND SAFETY-FIRE SAFETY-FIRE SAFETY ENGINEERING |
| 942 ## - ADDED ENTRY ELEMENTS (KOHA) | |
| Suppress in OPAC | 0 |
| Withdrawn status | Lost status | Source of classification or shelving scheme | Damaged status | Not for loan | Home library | Current library | Shelving location | Date acquired | Total Checkouts | Full call number | Barcode | Date last seen | Copy number | Price effective from | Koha item type |
|---|---|---|---|---|---|---|---|---|---|---|---|---|---|---|---|
| Dewey Decimal Classification | London | London | BRE publications | 17/05/2011 | BRE | 30075562 | 06/08/2019 | 1 | 06/08/2019 | Reference material |